01007 a2200205 45000010006000000050017000060080041000230030015000640400040000790800127001192450051002460200018002972500012003152640075003273000018004025050225004201000025006457000022006708560109006922452520260407155529.0260407a1985 arg spa dAR-UNSa-BCEJYS aAR-UNSa-BCEJYSbspacAR-UNSa-BCEJYS a330.5xPropiedad nacional. Riqueza nacional. Producto social. Balance de la economía. Estimación del producto nacional10aIntroducción al estudio del ingreso nacional a950-23-0047-5 a21a. ed 1aBuenos Aires :bEUDEBA (Editorial Universitaria de Buenos Aires)c1985 a44 p.c25 cm. a1. Conceptos fundamentales - 2. Comentario de algunas cifras de la Argentina - 3. Análisis del ingreso nacional de la Argentina 1951 - 4. Nivel de actividad económica - 5. Relaciones intersectoriales(insumo-producto)1 aGonzález, Norberto1 aTomasini, Roberto41uhttps://biblioeco.unsa.edu.ar/pmb/images/libros/Ingreso Nacional 18ed.jpgyImagen de portadaqimage/jpeg